| 000 | 004420000a22001690004500 | ||
|---|---|---|---|
| 003 | MACL | ||
| 005 | 20160109133415.0 | ||
| 008 | 160109b xxu||||| |||| 00| 0 eng d | ||
| 040 |
_aMACL _cMACL |
||
| 041 | _aEnglish | ||
| 082 | _a920/ESP | ||
| 100 |
_aEspinasse, Francis _929988 |
||
| 245 | _aLife and Writings of Voltaire | ||
| 260 |
_bThe Walter Scott publishing co Ltd _aLondon |
||
| 650 |
_aBiography _930404 |
||
| 942 |
_cBK _k920/ESP _2ddc |
||
| 999 |
_c38286 _d38286 |
||